000 00539nam a2200193 i 4500
001 79765
003 ES-MaACL
007 t|
008 041025s1985 sp ||||1| spa d
020 _a84-85848-81-0
100 1 _aHerrero, Pedro Mario.
_963280
245 1 0 _aBalada de los tres inocentes /
_cPedro Mario Herrero.
260 _aMadrid :
_bPreyson,
_c1985.
300 _a107 p. ;
_c16 cm.
490 1 _aArte escénico ;
_v65
830 0 _aArte escénico ;
_v65
_9180796
852 _aES-MaACL
_jL-9949
_bR.110963
999 _c79765
_d79765